header

Final solutions (Record no. 74562)

MARC details
000 -LEADER
fixed length control field 02183nam a2200445 a 4500
082 04 - DEWEY DECIMAL CLASSIFICATION NUMBER
Classification number 364.15/1/0904
100 1# - MAIN ENTRY--AUTHOR NAME
Personal name Valentino, Benjamin A.,
245 10 - TITLE STATEMENT
Title Final solutions
260 ## - PUBLICATION, DISTRIBUTION, ETC. (IMPRINT)
Place of publication Ithaca, N.Y. :
Name of publisher Cornell University Press,
Year of publication c2004.
300 ## - PHYSICAL DESCRIPTION
Number of Pages viii, 317 p.
505 0# - FORMATTED CONTENTS NOTE
Formatted contents note Mass killing and genocide -- The perpetrators and the public -- The strategic logic of mass killing -- Communist mass killings : the Soviet Union, China, and Cambodia -- Ethnic mass killings : Turkish Armenia, Nazi Germany, and Rwanda -- Counterguerrilla mass killings : Guatemala and Afghanistan -- Conclusion : anticipating and preventing mass killing.
650 #0 - SUBJECT ADDED ENTRY--TOPICAL TERM
Topical Term Genocide
Topical Term Massacres
Topical Term Political atrocities
Topical Term War crimes
Topical Term Crimes against humanity
Topical Term Genocide
Topical Term Intervention (International law)
856 40 - ELECTRONIC LOCATION AND ACCESS
Uniform Resource Identifier http://site.ebrary.com/lib/rucke/Doc?id=10649617

No items available.

© 2026 Rongo University
Contact us: librarian | system librarian | Rongo university